000 00307nam a2200109 4500
999 _c13554
_d13554
008 190328b ||||| |||| 00| 0 eng d
245 _aFrance bans cell phones in schools.
260 _aPhilippines
_bPhilippine Daily Inquirer
_cc2018
300 _apage A4.
650 0 _937837
_aTechnology.
942 _2ddc
_cPER